Geography Quiz

Random Geography or City Quiz

💮 Largest A city by country Quiz Stats

 Plays Quiz not verified by Sporcle

Challenge
Share
Tweet
Score 0/136 Timer 11:00
0 Plays Today
Country City, Town % Correct
AlgeriaAlgiers
92.9%
EgyptAlexandria
91.3%
GreeceAthens
91.3%
AustraliaAdelaide
91.3%
New ZealandAuckland
91.3%
EthiopiaAddis Ababa
90.6%
GhanaAccra
90.6%
JordanAmman
90.6%
MadagascarAntananarivo
89%
TurkeyAnkara
89%
KazakhstanAlmaty
86.6%
NetherlandsAmsterdam
86.6%
U.S.A.Austin
85%
Côte d'IvoireAbidjan
85%
EritreaAsmara
84.3%
SyriaAleppo
84.3%
DenmarkÃ…rhus
83.5%
IndiaAhmedabad
82.7%
United Arab E.Abu Dhabi
81.9%
BelgiumAntwerp
81.9%
ParaguayAsunción
81.1%
NigeriaAbuja
79.5%
TurkmenistanAshgabat
76.4%
AndorraAndorra la Vella
72.4%
YemenAden
71.7%
SpainAlicante
68.7%
U.K.Aberdeen
66.1%
GermanyAugsburg
63.8%
RussiaAstrakhan
61.4%
PeruArequipa
53.5%
FranceAngers
52.8%
SamoaApia
48.8%
ChinaAnshan
47.2%
MoroccoAgadir
41.7%
ChileAntofagasta
40.9%
IranAhvaz
40.2%
RomaniaArad
38.6%
MexicoAguascalientes
36.2%
ItalyAncona
34.6%
PortugalAmadora
32.3%
TanzaniaArusha
29.1%
CanadaAbbotsford
25.2%
IsraelAshdod
24.4%
BrazilAracaju
22%
South KoreaAnsan
20.5%
IcelandAkureyri
20.5%
Country City, Town % Correct
IndonesiaAmbon
19.7%
PhilippinesAntipolo
19.7%
ColombiaArmenia
18.1%
PakistanAbbottabad
17.3%
SwitzerlandAarau
17.3%
UzbekistanAndijan
16.5%
BeninAbomey-Calavi
14.2%
NigerAgadez
12.6%
QatarAl Rayyan
11%
LithuaniaAlytus
11%
El SalvadorApopa
9.4%
EcuadorAmbato
9.4%
Costa RicaAlajuela
8.7%
JapanAmagasaki
8.7%
MalaysiaAlor Setar
8.7%
ArgentinaAvellaneda
7.9%
ChadAbéché
7.9%
IraqAmarah
7.9%
AustriaAmstetten
7.9%
UkraineAlchevsk
7.9%
VenezuelaAcarigua
7.1%
Saudi ArabiaAl-Hasa
7.1%
North KoreaAnju
6.3%
NorwayArendal
6.3%
PalauAirai
5.5%
BahamasAndros Town
4.7%
BulgariaAsenovgrad
4.7%
SudanAtbarah
3.9%
TogoAtakpamé
3.9%
SerbiaAranđelovac
3.6%
SwedenAlingsås
3.6%
MozambiqueAngoche
3.1%
SeychellesAnse Boileau
3.1%
South SudanAweil
3.1%
GeorgiaAkhaltsikhe
3.1%
MaldivesAddu City
3.1%
NauruAiwo
3.1%
San MarinoAcquaviva
2.4%
AfghanistanAndkhoy
2.4%
LibyaAjdabiya
2.4%
UgandaArua
2.4%
ArmeniaAbovyan
2.4%
HungaryAjka
2.4%
IrelandAthlone
2.4%
Papua New GuineaArawa
2.4%
Solomon Isl.Auki
2.4%
Country City, Town % Correct
GuatemalaAmatitlán
1.6%
Trinidad & T.Arima
1.6%
BoliviaAscención de Guarayos
1.6%
GuyanaAnna Regina
1.6%
UruguayArtigas
1.6%
AngolaAndulo
1.6%
MauritaniaAdel Bagrou
1.6%
BahrainA'Ali
1.6%
BelarusAsipovichy
1.6%
FinlandAkaa
1.6%
LatviaAlūksne
1.6%
MaltaAttard
1.6%
MoldovaAnenii Noi
1.6%
MontenegroAndrijevica
1.6%
D.R. CongoAketi
0.8%
CubaArtemisia
0.8%
DominicaAtkinson
0.8%
Dominican R.Azua de Compostela
0.8%
HaitiArcahaie
0.8%
JamaicaAnnotto Bay
0.8%
NicaraguaAltagracia
0.8%
PanamaArraiján
0.8%
Saint LuciaAugier
0.8%
SurinameAlbina
0.8%
ComorosAdda Daouéni
0.8%
DjiboutiAli Sibieh
0.8%
Equatorial GuineaAconibe
0.8%
KenyaAthi River
0.8%
MauritiusAlbion
0.8%
NamibiaArandis
0.8%
SomaliaAfgooye
0.8%
TunisiaAryanah
0.8%
AzerbaijanAğcabədi
0.8%
Timor-LesteAinaro
0.8%
KyzgyzstanAk-Bulak
0.8%
LaosAttapeu
0.8%
LebanonAley
0.8%
MongoliaArvaikheer
0.8%
Sri LankaAnuradhapura
0.8%
TajikistanAdrasmon
0.8%
EstoniaAntsla
0.8%
PolandAugustów
0.8%
Marshall Isl.Ajeltake
0.8%
TuvaluAsau
0.8%

You're not logged in!

Compare scores with friends on all Sporcle quizzes.
OR
Log In

You Might Also Like...

Show Comments

Extras

Top Quizzes Today


Score Distribution

Your Account Isn't Verified!

In order to create a playlist on Sporcle, you need to verify the email address you used during registration. Go to your Sporcle Settings to finish the process.

Report this User

Report this user for behavior that violates our Community Guidelines.

Details: